La marca de la gorra : (Record no. 2700)
[ view plain ]
| 000 -LEADER | |
|---|---|
| fixed length control field | 00754nam a22002537a 4500 |
| 003 - CONTROL NUMBER IDENTIFIER | |
| control field | AR-CdUBM |
| 005 - DATE AND TIME OF LATEST TRANSACTION | |
| control field | 20220906180407.0 |
| 008 - FIXED-LENGTH DATA ELEMENTS--GENERAL INFORMATION | |
| fixed length control field | 120614s2007 ag ||||| |||| 00| 0 spa d |
| 020 ## - INTERNATIONAL STANDARD BOOK NUMBER | |
| International Standard Book Number | 9789876140195 |
| 040 ## - CATALOGING SOURCE | |
| Original cataloging agency | AR-CdUBM |
| Transcribing agency | AR-CdUBM |
| 080 ## - UNIVERSAL DECIMAL CLASSIFICATION NUMBER | |
| Universal Decimal Classification number | 35 |
| 082 14 - DEWEY DECIMAL CLASSIFICATION NUMBER | |
| Edition number | 14 |
| Classification number | 363.2 |
| 100 1# - MAIN ENTRY--PERSONAL NAME | |
| 9 (RLIN) | 2981 |
| Personal name | Galvani, Mariana |
| 245 13 - TITLE STATEMENT | |
| Title | La marca de la gorra : |
| Remainder of title | un análisis de la Policia Federal / |
| Statement of responsibility, etc | Mariana Galvani. |
| 260 ## - PUBLICATION, DISTRIBUTION, ETC. (IMPRINT) | |
| Place of publication, distribution, etc | Buenos Aires : |
| Name of publisher, distributor, etc | Capital Intelectual, |
| Date of publication, distribution, etc | 2007. |
| 300 ## - PHYSICAL DESCRIPTION | |
| Extent | 109 p. : |
| Dimensions | 20 cm. |
| 490 0# - SERIES STATEMENT | |
| Series statement | Claves para Todos |
| 504 ## - BIBLIOGRAPHY, ETC. NOTE | |
| Bibliography, etc | Bibliografía: p. 103-107. |
| 610 20 - SUBJECT ADDED ENTRY--CORPORATE NAME | |
| Corporate name or jurisdiction name as entry element | Policía Federal Argentina |
| 9 (RLIN) | 2983 |
| 650 10 - SUBJECT ADDED ENTRY--TOPICAL TERM | |
| 9 (RLIN) | 2982 |
| Topical term or geographic name as entry element | POLICIA |
| 650 #4 - SUBJECT ADDED ENTRY--TOPICAL TERM | |
| 9 (RLIN) | 11078 |
| Topical term or geographic name as entry element | ACTIVIDADES POLICIALES |
| 942 ## - ADDED ENTRY ELEMENTS (KOHA) | |
| Item type | Libro, folleto, traducción |
| Source of classification or shelving scheme | Dewey Decimal Classification |
| 945 ## - LOCAL PROCESSING INFORMATION (OCLC) | |
| a | mag |
| d | 2012-06-14 |
| 980 ## - EQUIVALENCE OR CROSS-REFERENCE-SERIES STATEMENT--PERSONAL NAME/TITLE [LOCAL, CANADA] | |
| Field link and sequence number | 20562 |
| Miscellaneous information | Diego Higa |
| Withdrawn status | Lost status | Source of classification or shelving scheme | Damaged status | Not for loan | Home library | Current library | Date acquired | Source of acquisition | Total Checkouts | Full call number | Barcode | Date last seen | Date last borrowed | Price effective from | Koha item type |
|---|---|---|---|---|---|---|---|---|---|---|---|---|---|---|---|
| Dewey Decimal Classification | Biblioteca Central | Biblioteca Central | 22/06/2015 | Donación | 2 | 363.2 GAL | UNAJ15060376 | 17/03/2025 | 25/10/2022 | 22/06/2015 | Libro, folleto, traducción |